000 01102nam a22002537a 4500
005 20110721103311.0
008 110721t xxu||||| |||| 00| 0 mar d
010 _aMAR-21102
020 _a9788172948733
_c160.00
035 _aMR-13760
037 _bDBAD/PUB
040 _aDPL
_bMR
082 _a891.46301
100 _aनिमसरकर,धर्मराज
_929792
245 _aउसवलेलं आकाश /
_cधर्मराज निमसरकर
246 _aUsawlela Aakash
_bby Dharmraj Nimsarkar
260 _aपुणे
_bदिलीपराज प्रकाशन
_c2011
270 _a251क, शनिवार पेठ
_bपुणे
_e411030
300 _aआठ,156पृ
_c22सेमी(अजिल्द)
650 _aमराठी कथासंग्रह
_929793
650 _aMarathi Short Stories
_929794
942 _2ddc
_cMR
_h891.46301
_mनिमस
999 _c54138
_d54138